| 000 | 01039nam a22002417a 4500 | ||
|---|---|---|---|
| 005 | 20170123164141.0 | ||
| 010 | _aB-230536 | ||
| 020 |
_c350.00 _a8171164587 |
||
| 035 | _aB-230536 | ||
| 040 |
_aDPL _bPN |
||
| 082 |
_a850 _bਨਿੰਦਰ |
||
| 245 |
_aਚੋਣਵੇਂ ਪੰਜਾਬੀ ਰੇਖਾ ਚਿਤਰ / _b ਸੰਪਾਦਕ ਨਿੰਦਰ ਘੁਗਿਆਣਵੀ |
||
| 246 |
_aChonvey punjabi rekha chitar _bedited by Ninder Gugianvee |
||
| 260 |
_aਦਿੱਲੀ _bਨੈਸ਼ਨਲ ਬੁਕ ਸ਼ਾਪ |
||
| 270 |
_aਪਲਈਅਰ ਗਾਰਡਨ ਮਾਰਕੀਟ, ਚਾਂਦਨੀ ਚੌਕ _bਦਿੱਲੀ _e110006 |
||
| 300 |
_a388p. _c23cm(Hb) |
||
| 650 |
_a ਪੰਜਾਬੀ ਸਾਹਿਤ- ਕਹਾਣੀਆਂ _916054 |
||
| 650 |
_a ਪੰਜਾਬੀ ਸਾਹਿਤ _9779 |
||
| 650 |
_aPunjabi Literature-Stories _916055 |
||
| 650 |
_aPunjabi Literature _9781 |
||
| 700 |
_aਘੁਗਿਆਣਵੀ, ਨਿੰਦਰ _97619 |
||
| 942 |
_2ddc _cPN _h850 _mਨਿੰਦਰ |
||
| 999 |
_c109680 _d109680 |
||